[Event "Buenos Aires Sicilian"]
[Site "Buenos Aires"]
[Date "1994.10.14"]
[Round "3"]
[White "Ivanchuk, Vassily"]
[Black "Anand, Viswanathan"]
[Result "1-0"]
[WhiteElo "2695"]
[BlackElo "2720"]
[Annotator "Boensch,U"]
[PlyCount "69"]
[EventDate "1994.10.12"]
[EventType "tourn"]
[EventRounds "14"]
[EventCountry "ARG"]
[EventCategory "18"]
[SourceTitle "CBM 044"]
[Source "ChessBase"]
[SourceDate "1995.02.01"]
[SourceVersion "1"]
[SourceVersionDate "1995.02.01"]
[SourceQuality "1"]

1. e4 {Ftacnik} c5 2. Nf3 Nc6 3. d4 cxd4 4. Nxd4 g6 5. c4 Nf6 6. Nc3 d6 7. Be2
Nxd4 8. Qxd4 Bg7 9. Be3 (9. Bg5 O-O 10. Qe3 Be6 11. Rc1 Qa5 12. O-O Rfc8 13. b3
a6 14. f4 Qc5 15. Qxc5 Rxc5 16. Na4 Rc6 17. Bf3 Rc7 18. Nb6 $16 {Landenbegue,
C-Kortschnoj,V Garmisch-Partenkirchen 25' (12) 1994 1/2 29 - EXP 43}) 9... O-O
10. Qd2 (10. Qd3 $5 Be6 11. Bd4 Nd7 12. Bxg7 Kxg7 13. O-O Nc5 14. Qd4+ f6 15.
b4 Nd7 16. Nd5 a5 17. a3 Bxd5 18. exd5 Qb6 19. Qc3 $14 {Horvath,T-Doery,J
Hamburg HSK (11) 1991 1-0 44}) (10. Qd1 $2 Be6 11. O-O Qa5 12. Rc1 Rfc8 13. b3
a6 14. f4 Nd7 15. f5 Bxc3 16. fxe6 fxe6 17. Bg4 Nc5 18. Kh1 Bg7 19. Bxc5 Rxc5
20. Bxe6+ $15 {Barcenilla,R-Hedge,R Calcutta op (05) 1994 1-0 55}) 10... Be6
11. O-O (11. Rc1 Qa5 12. f3 Rfc8 (12... a6 13. Nd5 Qxd2+ 14. Kxd2 $14) 13. b3
a6 14. Na4 Qxd2+ 15. Kxd2 Nd7 16. g4 f5 17. exf5 gxf5 18. h3 Rf8 19. f4 Rad8 (
19... d5 20. cxd5 Bxd5 21. Rhd1 Rac8 22. gxf5 b5 23. Rxc8 Rxc8 24. Ke1 Bc6 25.
Nc5 $16 {Beljavski,A-Tiviakov,S Groningen 1993}) 20. Nc3 d5 $6 21. gxf5 $1 Bxf5
22. cxd5 Nf6 23. Bb6 Rd7 24. Ke3 Rc8 25. Bf3 $14 {Rodriguez,Am-Antunes,A
Capablanca mem-B (07) 1994 1-0 66 - CBM 43}) 11... Qa5 12. Rab1 $1 (12. Rac1
Rfc8 13. b3 a6 14. f4 b5 15. f5 Bd7 16. b4 Qxb4 17. e5 dxe5 18. fxg6 Be6 (18...
hxg6 19. Rxf6 Bxf6 20. Qxd7 $14) 19. gxf7+ Bxf7 20. Bh6 Bxh6 21. Qxh6 Bxc4 22.
Qg5+ Kh8 23. Rxf6 Rg8 $19 {Ivanchuk,V-Anand,V (1) Moscow PCA 25' (03) 1994 0-1
33}) (12. Rac1 {Ftacnik}) 12... Rfc8 13. b3 (13. b4 $6 Qd8 14. c5 a5 15. a3
axb4 16. axb4 Ra3 17. Nb5 Ra2 18. Qd3 d5 $10 {Hanel,R-Stefansson,H Vienna op 
(05) 1991 1/2 30}) 13... Nd7 (13... b5 $6 {Ftacnik} 14. b4 $1 Qc7 15. e5 dxe5
16. Nxb5 $16) (13... a6 $5 {Ftacnik} 14. Rfc1 b5 15. b4 Qd8 16. cxb5 axb5 17.
Bxb5 Ra3 $1 18. Qe1 Ng4 19. Bd2 Bd4 20. Nd1 Rxa2 $132) (13... Ng4 {Ftacnik} 14.
Nd5 $1 Qxd2 15. Bxd2 Kf8 16. Bg5 $14) 14. Rfc1 (14. Nd5 Qxd2 15. Bxd2 Bxd5 16.
exd5 b5 $15) 14... Qd8 15. Nd5 Nc5 (15... Bxd5 16. exd5 (16. cxd5 Nc5 17. Bf3
a5 18. h4 $14) 16... a5 17. h4 (17. g4 $5 $14) 17... h5 $1 18. g3 $10) 16. Bf3
a5 17. h4 Bxd5 18. exd5 (18. cxd5 b5 $10) 18... Qd7 19. Qe2 $1 (19. Re1 $5 {
Ftacnik} Rc7 20. Qe2 $14) 19... Re8 (19... e5 20. dxe6 Qxe6 (20... fxe6 21. h5
$16) 21. Bd5 $16) 20. h5 Qf5 $6 21. Rd1 Be5 (21... gxh5 $5 {Ftacnik} 22. Bxh5
Ne4 23. Qd3 Qxh5 24. Qxe4 $13) (21... Qe5 $5 {Ftacnik}) 22. g4 Qc8 (22... Qf6
23. g5 Qh8 (23... Qf5 $4 24. Bg4 Qe4 25. f3 $18) 24. Bg2 $16) 23. Kg2 Bg7 24.
Rh1 Nd7 25. hxg6 hxg6 (25... fxg6 $6 {Ftacnik} 26. Bh6 {xe6}) 26. Rh4 $40 a4
27. Rbh1 axb3 28. axb3 Ra1 29. R1h3 $1 (29. Rxa1 {Ftacnik} Bxa1 $13) 29... Qa8
30. Rh7 Qa2 (30... Be5 $1 {Ftacnik} 31. Bf4 $1 Bxf4 (31... Nf8 32. Bxe5 Nxh7
33. Qe3 dxe5 34. Qh6 e6 35. d6 $18) 32. Rh8+ Kg7 33. R3h7+ Kf6 34. Qe4 $1 Bc1 (
34... Kg5 35. Rh5+ gxh5 36. Qf5+ $18) (34... Be5 35. g5+ Kxg5 36. Qh4+ Kf5 37.
Be4#) 35. g5+ $1 Bxg5 (35... Kxg5 36. Qh4+ Kf5 37. Rh5+ gxh5 38. Rxh5+ $18) 36.
Rxf7+ $1 Kxf7 37. Rh7+ Kf8 38. Qxg6 $18) 31. Rxg7+ $3 Kxg7 32. Bd4+ f6 (32...
Ne5 33. Qe3 Rg8 (33... Qb1 34. Bxe5+ dxe5 35. Qh6+ Kf6 36. g5+ Kf5 37. Bg4+ Ke4
38. Bf5+ $3 Kd4 (38... Kxf5 39. Rf3+ Kg4 40. Rg3+ Kf5 41. Qh3+ Kf4 42. Qg4#) (
38... gxf5 39. Re3+ Kd4 (39... Kf4 40. Qh4#) 40. Qb6#) 39. Bxb1 $18) (33... Rb1
{Ftacnik} 34. Qh6+ Kf6 35. g5+ Kf5 36. Qh4 $19) (33... Rh8 34. Bxe5+ dxe5 35.
Qxe5+ $18) 34. Qh6+ Kf6 35. Bxe5+ dxe5 (35... Kxe5 36. Qg5+ f5 37. Qxe7+ Kf4
38. Qe3#) 36. g5+ Kf5 37. Be4+ Kxe4 38. Qh4+ Kf5 39. Rf3#) 33. Qe3 Nf8 34. Be4
$3 Kf7 (34... Rd1 35. Qh6+ Kf7 36. Bxg6+ Nxg6 37. Qh7+ Kf8 38. Qxg6 $18) (34...
Ra8 {Ftacnik} 35. Bb1 $1 Qxb1 36. Qxe7+ Kg8 37. Rh8+ $1 Kxh8 38. Bxf6+ Kg8 39.
Qg7#) 35. Rh8 $1 (35. Rh8 Qa5 (35... Rd1 36. Qh6 Rxd4 37. Rxf8+ Rxf8 38. Qxg6#)
(35... e5 36. dxe6+ Rxe6 (36... Nxe6 37. Bxg6+ Kxg6 38. Qh6+ Kf7 39. Qxf6#) 37.
Qh6 $1 Rxe4 38. Qxf8+ Ke6 39. Qe8#) (35... Ra8 {Ftacnik} 36. Qh6 Re1 37. Rxf8+
Rxf8 38. Qxg6#) 36. Qh6 Rg1+ 37. Kf3 e5 38. Bxg6+ Ke7 39. Bxe8 e4+ 40. Kf4 Qd2+
41. Be3 $18) 1-0

[Event "Match/Team URS-World 20,5-19,5"]
[Site "Belgrade"]
[Date "1970.03.31"]
[Round "2.8"]
[White "Botvinnik, Mikhail"]
[Black "Matulovic, Milan"]
[Result "1/2-1/2"]
[WhiteElo "2640"]
[BlackElo "2560"]
[Annotator "Botvinnik/Matulovic"]
[PlyCount "51"]
[EventDate "1970.03.29"]
[EventType "team"]
[EventRounds "4"]
[EventCountry "YUG"]
[SourceTitle "MCL"]
[Source "ChessBase"]
[SourceDate "1999.07.01"]
[SourceVersion "1"]
[SourceVersionDate "1999.07.01"]
[SourceQuality "1"]
[WhiteTeam "Soviet Union"]
[BlackTeam "World"]
[WhiteTeamCountry "URS"]
[TimeControl "40/9000:16/5400:0"]

1. c4 c5 2. Nf3 g6 3. e4 Nc6 4. d4 cxd4 5. Nxd4 Nf6 6. Nc3 d6 (6... Nxd4 7.
Qxd4 d6 8. f3 Bg7 9. Be3 {Botvinnik=:B}) 7. Be2 (7. Nc2 Bg7 8. Be2 Nd7 $1 $10 {
Barczay-Matulovic/Kortschnoj-Matulovic/ Matulovic=:M}) (7. f3 Qb6 8. Nc2 Bg7 9.
Rb1 Nb4 {B}) 7... Nxd4 8. Qxd4 Bg7 9. Be3 (9. O-O O-O 10. Bd2 {B}) 9... O-O 10.
Qd2 Be6 11. f3 (11. Rc1 Qa5 12. O-O Rfc8 13. b3 a6 $132 {M}) 11... Qa5 (11...
Rc8 12. b3 b5 $2 {M} 13. e5 $1 {M} dxe5 14. Qxd8 Rfxd8 15. Nxb5 $16 {B}) 12.
Nb5 {O'Kelly-Matulovic/Palma de Mallorca/1967} Qxd2+ 13. Kxd2 (13. Bxd2 a6 14.
Nc7 Rac8 15. Nxe6 fxe6 16. Rc1 Nd7 17. Rc2 h5 {1/2-1/2 (17) Botvinnik,M-Benko,
P Wijk aan Zee 1969}) 13... Nd7 $1 {/\ Ne5-c6 ><d4 M} 14. Rab1 $146 (14. Nc7
Rac8 15. Nxe6 fxe6 16. Rab1 Ne5 17. Rhc1 Nc6 $10 {/\ 18... Bd4
O'Kelly-Matulovic/M}) (14. Nc7 Rac8 15. Nxe6 fxe6 16. Rab1 Ne5 {1/2-1/2 (16)
Benko,P-Matulovic,M Venice 1969}) 14... Ne5 (14... Rfc8 15. Nxa7 Rxa7 16. Bxa7
b6 {B}) 15. Rhc1 (15. Nc7 Rac8 16. Nxe6 fxe6 17. b3 Nc6 18. f4 $1 {[%eval 0,0]
/\ g4-g5, h4-h5}) 15... Rfc8 16. b3 Nc6 $10 {M} 17. f4 f5 18. Bf3 fxe4 19. Bxe4
Bf5 $1 {B} 20. Bxf5 gxf5 21. Ke2 (21. h3 h5 22. g4 hxg4 23. hxg4 fxg4 24. Rg1 {
B}) 21... Kf7 22. Rd1 $2 $15 {B/M} (22. Nc3 $10 {M}) 22... a6 23. Nd4 Nxd4+ 24.
Bxd4 b5 $1 {B} 25. Bxg7 Kxg7 26. Rdc1 (26. Rdc1 Rc5 $15 {M}) 1/2-1/2

[Event "Ubeda op 3rd"]
[Site "Ubeda"]
[Date "1998.01.23"]
[Round "4"]
[White "Rodriguez Cespedes, Amador"]
[Black "Tiviakov, Sergei"]
[Result "1/2-1/2"]
[WhiteElo "2495"]
[BlackElo "2640"]
[Annotator "ChessBase"]
[PlyCount "60"]
[EventDate "1998.01.20"]
[EventType "swiss"]
[EventRounds "10"]
[EventCountry "ESP"]
[SourceTitle "CBM 062 Extra"]
[Source "ChessBase"]
[SourceDate "1998.03.09"]
[SourceVersion "1"]
[SourceVersionDate "1998.03.09"]
[SourceQuality "1"]

1. e4 c5 2. Nf3 Nc6 3. d4 cxd4 4. Nxd4 g6 5. c4 Nf6 6. Nc3 d6 7. Be2 Nxd4 8.
Qxd4 Bg7 9. Be3 O-O 10. Qd2 Be6 11. O-O Qa5 12. f3 Rfc8 13. Rfc1 Nd7 $5 (13...
Bxc4 14. Nd5 Qxd2 15. Nxe7+ Kf8 16. Bxd2 Kxe7 17. Bxc4 Nd7 18. Rab1 $11 {_|_})
14. Rab1 (14. b3 $6 b5) (14. Bg5 $5 Kf8 $140 $4 15. Bxe7+ Kxe7 16. Nd5+ Bxd5
17. Qxa5 $18) 14... Bxc4 15. Nd5 Qxd2 16. Nxe7+ Kf8 17. Bxd2 Bd4+ (17... Kxe7
18. Bxc4 $11 {_|_}) 18. Kh1 Kxe7 19. Bxc4 Nb6 (19... Ne5 $5 20. Be2 Rc6 {
(/\Rac8)} 21. Rd1 $14 {/\Bg5} (21. Bb5 Rc5 {/\Rac8})) (19... Rc7 $5 20. Bd5
Rac8 21. Bxb7 Rxc1+ 22. Bxc1 (22. Rxc1 Rb8 $13 {(><b2)} 23. Rc7 $2 Bb6 $17)
22... Rc2 $44 {/\Nc5-d3; /\Nc5-a4}) 20. Bb3 $1 {[><a4]} Rc6 (20... Rxc1+ $5 21.
Rxc1 Rc8 22. Rxc8 Nxc8 23. Bd5 Bxb2 24. Bxb7 Nb6 25. g3 Bd4 26. h4 d5 $5 (26...
Kf6 27. Kg2 $14 {_|_ ^^ Aseev,Konstantin N-Vokarev,Sergey/Elista (Russia) (9)
1996}) 27. exd5 Kd6 28. Bb4+ (28. Bf4+ Be5 $11) 28... Bc5 $11) 21. Rd1 Rac8 22.
g3 (22. Bb4 $5 Be5 (22... Bc5 23. Bc3 $14) 23. g3 {(/\f4, e5, /^a3-f8)} g5 $14
{^^}) 22... Nc4 23. Bg5+ f6 $8 (23... Bf6 24. Bxf6+ Kxf6 25. Bxc4 Rxc4 26.
Rxd6+ $16) 24. Bf4 (24. Rxd4 $5 fxg5 $13) 24... Be5 $8 (24... Ne3 $4 25. Rxd4
Rc1+ 26. Rd1 $18) 25. Bxc4 (25. Bc1 Na5 $13 {[]} 26. Ba4 (26. f4 $2 Nxb3 27.
axb3 Bd4 $17 {[]}) (26. Bd5 Rc2 27. f4 $140 Bd4 $8 28. b4 Nc6 $8 29. b5 Na5)
26... Rc4 27. Bb5 $140 Rc2 28. f4 Bd4 29. b4 Nc6) 25... Rxc4 26. Bxe5 $11 dxe5
27. Rd2 Rd4 28. Rbd1 Rc2 29. Rxc2 Rxd1+ 30. Kg2 Kd7 1/2-1/2

[Event "Candas op"]
[Site "Candas"]
[Date "1992.??.??"]
[Round "3"]
[White "Topalov, Veselin"]
[Black "Antunes, Antonio"]
[Result "1/2-1/2"]
[WhiteElo "2460"]
[BlackElo "2465"]
[Annotator "ChessBase"]
[PlyCount "144"]
[EventDate "1992.10.??"]
[EventType "swiss"]
[EventRounds "9"]
[EventCountry "ESP"]
[SourceTitle "TD"]
[Source "ChessBase"]
[SourceDate "1994.03.01"]
[SourceVersion "1"]
[SourceVersionDate "1994.03.01"]
[SourceQuality "1"]

1. e4 c5 2. Nf3 Nc6 3. d4 cxd4 4. Nxd4 g6 5. c4 Nf6 6. Nc3 d6 7. Be2 Nxd4 8.
Qxd4 Bg7 9. Bg5 O-O 10. Qd2 a6 11. f3 Be6 12. Rc1 b5 $6 13. cxb5 axb5 14. a3 (
14. Bxb5 Bxa2 15. Nxa2 Rxa2 16. Bc4 Nxe4 17. fxe4 Rxb2 {Con buen juego de las
negras}) 14... Nd7 $1 {Con idea de Cc5 y Cb3} 15. b4 Rxa3 16. Nxb5 Ra2 17. Qe3
h6 $1 18. Bh4 g5 19. Bf2 Qb8 20. O-O Rc8 21. h4 Bf6 22. hxg5 hxg5 23. Rxc8+
Qxc8 24. Bd3 $6 (24. Rc1 Rc2 25. Rxc2 Qxc2 $10) 24... Ne5 25. Bb1 (25. Rc1
Qxc1+ 26. Qxc1 Nxd3 $19) 25... Rb2 26. Rc1 Qb8 27. Nd4 Qxb4 28. Nxe6 Rxb1 {
[Las negras tienen apuros de tiempo. 28...fe6 da ventaja]} 29. Nc7 {[Unica]}
Nc4 30. Qe1 Qxe1+ $6 31. Rxe1 Rxe1+ 32. Bxe1 Bd4+ $6 33. Bf2 Bxf2+ 34. Kxf2 Kg7
35. g3 e6 36. f4 Kg6 37. Kf3 Nd2+ 38. Ke3 Nf1+ 39. Kf2 Nd2 40. Ke3 Nc4+ {
[En los apuros de tiempo las negras perdieron su ventaja. El peón de mís no es
suficiente para ganar]} 41. Kd4 Nb6 42. Nb5 Nc8 43. Ke3 g4 44. Kd3 f5 45. exf5+
Kxf5 46. Nd4+ Kf6 47. Nc2 Ne7 48. Ne3 Nf5 49. Nxg4+ Ke7 50. Nh2 Nxg3 51. Nf3
Kf6 52. Nd4 Nf5 53. Nf3 Ng7 54. Nd4 d5 55. Ke2 Ke7 56. Kd3 Kd6 57. Nb5+ Kc6 58.
Nd4+ Kc5 59. Nb3+ Kd6 60. Nd4 Nf5 61. Nxf5+ exf5 62. Kd4 Kc6 63. Ke5 Kc5 64.
Kxf5 d4 65. Kg6 {[Unica]} d3 66. f5 d2 67. f6 d1=Q 68. f7 Qd8 69. Kg7 Qg5+ 70.
Kh8 Qf6+ 71. Kg8 Qg6+ 72. Kh8 Qxf7 1/2-1/2

[Event "Haifa"]
[Site "Haifa"]
[Date "1995.??.??"]
[Round "3"]
[White "Dolmatov, Sergey"]
[Black "Alterman, Boris"]
[Result "1/2-1/2"]
[WhiteElo "2605"]
[BlackElo "2575"]
[Annotator "Dolmatov,S"]
[PlyCount "82"]
[EventDate "1995.01.??"]
[EventType "tourn"]
[EventRounds "11"]
[EventCountry "ISR"]
[EventCategory "14"]
[SourceTitle "CBM 046"]
[Source "ChessBase"]
[SourceDate "1995.06.01"]
[SourceVersion "1"]
[SourceVersionDate "1995.06.01"]
[SourceQuality "1"]

1. e4 c5 2. Nf3 Nc6 3. d4 cxd4 4. Nxd4 g6 5. c4 Nf6 6. Nc3 d6 7. Be2 Nxd4 8.
Qxd4 Bg7 9. Bg5 O-O 10. Qe3 Be6 11. O-O Qb6 12. b3 Qxe3 13. Bxe3 Nd7 14. Rac1
Rfc8 15. Nd5 (15. f4 $5 Nc5 16. Nd5 $14 (16. Bf3 $2 Nd3)) 15... Kf8 16. f4 Bb2
(16... a5 17. f5 Bxd5 18. exd5 Bb2 $132 {Dolmatov,S-Tiviakov,S/RUS/1993/}) 17.
Rcd1 $1 (17. Rb1 Ba3 18. Kh1 a5 $132) 17... a5 18. Rf2 $1 Bxd5 $8 (18... a4 19.
b4 $16) (18... Ba3 19. Nc3 $1 $16 {/\f5}) 19. Rxd5 (19. exd5 $2 Ba3 $10) 19...
Nf6 20. Rd2 $2 (20. Rb5 $1 Nxe4 21. Bg4 Nxf2 22. Bxc8 Rxc8 (22... Nd1 23. Bxb7
$16) 23. Kxf2 Rc7 (23... a4 24. Rxb7 axb3 25. axb3 e6 26. Ke2 d5 27. c5 d4 28.
Bd2 $18) 24. Rxa5 Ke8 25. Ke2 Kd7 26. Kd3 $16) 20... Bc1 (20... Bc3 $2 21. Rd3
Nxe4 22. Bf3 Nxf2 23. Rxc3 $18) 21. Rd3 Bxe3 22. Rxe3 Rc5 $6 (22... Nd7 $5 23.
Bg4 (23. e5 $2 dxe5 24. fxe5 e6 $15) 23... e6 24. Rd2 Ke7 $10) 23. e5 Ne8 (
23... dxe5 24. fxe5 Nd7 25. e6 Ne5 26. exf7 Rd8 27. Rf4 $14) 24. Bf3 Rb8 25.
Rfe2 Rc7 (25... e6 $2 26. Rd2 Ke7 27. Red3 dxe5 28. Rd7+ Kf6 29. fxe5+ Rxe5 30.
Rxb7 Rxb7 31. Bxb7 $36) 26. g4 b6 27. Kf2 a4 $1 $10 28. Rd2 axb3 29. axb3 b5
30. Be2 bxc4 31. Bxc4 (31. bxc4 Rc5 32. h4) 31... Rc5 32. h4 Rb6 33. Kf3 Nc7 (
33... e6 $5 34. Be2 Ke7 $132) 34. Ke4 Ra5 35. h5 g5 36. exd6 (36. Red3 Ne8 $1
$8) 36... exd6 37. Rf3 (37. Red3 Ke7 $10) 37... Ne6 38. Bxe6 fxe6 39. fxg5+ $10
Kg8 40. Rfd3 Rxg5 41. Rxd6 Rxg4+ 1/2-1/2